=LDR 00000nam 2200000 4500 =001 NUTBA000000000005367 =005 20141028151305.0 =006 =007 =008 =020 ##$$a 978-602-1579-02-2 =035 ##$$a 0010-101400000000597 =040 ##$$a NBPDMAT =082 ##$$a 297.266 =090 ##$$a 297.266 $b Wak s =100 ##$$a Wakit Prabowo =245 ##$$a Wakit Prabowo =250 ##$$a Cet.1 =260 ##$$a Yogyakarta : $b Kata hati, $c 2013 =300 ##$$a 180 hlm. ; $c 20 cm. =500 ##$$a Bibliografi : hlm. 321 - 325 =650 ##$$a Islam dan Kesehatan =850 ##$$a NBPDMAT =990 ##$$a 0001/BPAP-NTB/20142014 =990 ##$$a 0001/BPAP-NTB/20142014 =990 ##$$a 0001/BPAP-NTB/20142014 =990 ##$$a 0001/BPAP-NTB/20142014